[Event "Calvi Balagne op 07th"]
[Site "Calvi"]
[Date "2010.04.25"]
[Round "1"]
[White "Abbasov, Farid"]
[Black "Migheli, Gabriel"]
[Result "1-0"]
[WhiteElo "2549"]
[BlackElo "1863"]
[PlyCount "101"]
[EventDate "2010.04.25"]
[EventType "swiss"]
[EventRounds "9"]
[EventCountry "FRA"]
[SourceTitle "CBM 136 Extra"]
[Source "ChessBase"]
[SourceDate "2010.07.02"]
[SourceVersion "2"]
[SourceVersionDate "2010.07.15"]
[SourceQuality "1"]

1. d4 d5 2. c4 e6 3. Nc3 Nf6 4. Bg5 c6 5. e3 Nbd7 6. cxd5 exd5 7. Bd3 Be7 8. Qc2 0-0 9. Nge2 c5 10. 0-0 b6 11. Rad1 Bb7 12. Bf5 Re8 13. dxc5 bxc5 14. Nf4 h6 15. Bxd7 hxg5 16. Bxe8 gxf4 17. Ba4 fxe3 18. fxe3 Qb6 19. Kh1 d4 20. exd4 cxd4 21. Ne2 Rd8 22. Bb3 Ba6 23. Bc4 Qc5 24. b3 Bxc4 25. Qxc4 Qxc4 26. bxc4 d3 27. Nc1 d2 28. Nb3 Bb4 29. g3 Ng4 30. a3 Ne3 31. axb4 Nxf1 32. Kg1 Rd3 33. Kxf1 Rxb3 34. b5 Rc3 35. Rxd2 Rxc4 36. Rd8+ Kh7 37. Rd7 Rb4 38. Rxa7 Rxb5 39. Rxf7 Rb2 40. Rf2 Rb5 41. Kg2 Kg6 42. Ra2 Kg5 43. Re2 Kf5 44. Re7 Kf6 45. Re2 Kf5 46. h4 Kg4 47. Re4+ Kf5 48. Rf4+ Ke5 49. Rf7 Rb2+ 50. Kh3 Ke4 51. h5 1-0

[Event "Calvi Balagne op 06th"]
[Site "Calvi"]
[Date "2009.05.03"]
[Round "9"]
[White "Humeau, Cyril"]
[Black "Migheli, Gabriel"]
[Result "1-0"]
[WhiteElo "2154"]
[BlackElo "1777"]
[PlyCount "165"]
[EventDate "2009.04.28"]
[EventType "swiss"]
[EventRounds "9"]
[EventCountry "FRA"]
[SourceTitle "CBM 130 Extra"]
[Source "ChessBase"]
[SourceDate "2009.07.02"]
[SourceVersion "2"]
[SourceVersionDate "2009.07.15"]
[SourceQuality "1"]

1. e4 c5 2. c3 Nf6 3. e5 Nd5 4. Bc4 Nb6 5. Bb3 d6 6. exd6 Qxd6 7. Na3 a6 8. Nf3 Nc6 9. 0-0 Bf5 10. d4 cxd4 11. Nxd4 Nxd4 12. cxd4 Be6 13. Be3 Bd5 14. Bxd5 Qxd5 15. Nb1 e6 16. Nc3 Qd7 17. Re1 Nd5 18. Qb3 Rd8 19. Bg5 Be7 20. Bxe7 Nxe7 21. Rad1 Nd5 22. Ne4 0-0 23. Nc5 Qc7 24. a4 Rb8 25. g3 Rfd8 26. Rd3 Qa5 27. Rdd1 b5 28. axb5 Qxb5 29. Qxb5 Rxb5 30. Rd2 a5 31. Nd3 Rc8 32. Ra1 g6 33. Ra4 Nb4 34. Nxb4 axb4 35. Rd3 Rd8 36. Kg2 e5 37. d5 Rdxd5 38. Rxd5 Rxd5 39. Rxb4 Rd2 40. h4 f5 41. Rb7 e4 42. Kf1 Kf8 43. Ke1 Rc2 44. Kf1 Rd2 45. Rxh7 Rxb2 46. h5 Rb6 47. hxg6 Rxg6 48. Ke2 Rg7 49. Rh5 Rf7 50. Ke3 Ke7 51. Kf4 Ke6 52. Rh8 Kf6 53. Rg8 Ke6 54. Ra8 Kd5 55. Ra5+ Ke6 56. Re5+ Kd6 57. Rxf5 Re7 58. Rf8 Re6 59. Rd8+ Kc5 60. Ke3 Rf6 61. Rd2 Kc4 62. Rd4+ Kc5 63. Rxe4 Kd5 64. Ra4 Rf7 65. Ra5+ Ke6 66. g4 Kd6 67. f4 Ke6 68. Ke4 Rb7 69. Ra6+ Kf7 70. g5 Rb4+ 71. Kf3 Rb1 72. Kg4 Rg1+ 73. Kf5 Rb1 74. Ra7+ Kf8 75. Ke5 Rb5+ 76. Kf6 Rb6+ 77. Kf5 Rb5+ 78. Kg4 Rb1 79. g6 Rf1 80. Kg5 Rb1 81. f5 Rb6 82. f6 Rb8 83. Kh6 1-0

[Event "Calvi Balagne op 06th"]
[Site "Calvi"]
[Date "2009.05.02"]
[Round "7"]
[White "Cavatorta, Fosco"]
[Black "Migheli, Gabriel"]
[Result "1/2-1/2"]
[WhiteElo "1957"]
[BlackElo "1777"]
[PlyCount "85"]
[EventDate "2009.04.28"]
[EventType "swiss"]
[EventRounds "9"]
[EventCountry "FRA"]
[SourceTitle "CBM 130 Extra"]
[Source "ChessBase"]
[SourceDate "2009.07.02"]
[SourceVersion "2"]
[SourceVersionDate "2009.07.15"]
[SourceQuality "1"]

1. d4 d5 2. Nf3 Nf6 3. e3 e6 4. Bd3 c5 5. c3 Bd6 6. Nbd2 Nbd7 7. 0-0 Qc7 8. e4 dxe4 9. Nxe4 Nxe4 10. Bxe4 Nf6 11. Bd3 b6 12. Bg5 Bb7 13. dxc5 Qxc5 14. b4 Qc7 15. Re1 0-0-0 16. Qe2 h6 17. Bxf6 gxf6 18. Be4 Rhg8 19. Bxb7+ Kxb7 20. a4 Rg7 21. a5 Rdg8 22. g3 f5 23. axb6 Qxb6 24. Ra5 a6 25. Rea1 Bxg3 26. hxg3 Rxg3+ 27. Kf1 Rh3 28. Qxa6+ Qxa6+ 29. Rxa6 Rxf3 30. Ra7+ Kc6 31. c4 Kd6 32. R1a6+ Ke5 33. Rxf7 Kd4 34. c5 Rb8 35. c6 Rxb4 36. c7 Rc4 37. Ra4 Rxa4 38. c8Q Ra2 39. Qd8+ Ke4 40. Qb6 Raxf2+ 41. Kg1 Rf1+ 42. Kg2 R3f2+ 43. Kg3 1/2-1/2

[Event "Calvi Balagne op 06th"]
[Site "Calvi"]
[Date "2009.05.02"]
[Round "8"]
[White "Migheli, Gabriel"]
[Black "Poiron, Nicolas"]
[Result "1-0"]
[WhiteElo "1777"]
[BlackElo "1845"]
[PlyCount "35"]
[EventDate "2009.04.28"]
[EventType "swiss"]
[EventRounds "9"]
[EventCountry "FRA"]
[SourceTitle "CBM 130 Extra"]
[Source "ChessBase"]
[SourceDate "2009.07.02"]
[SourceVersion "2"]
[SourceVersionDate "2009.07.15"]
[SourceQuality "1"]

1. e4 c5 2. Nf3 Nc6 3. c3 e6 4. d4 cxd4 5. cxd4 d5 6. e5 Nge7 7. Na3 Ng6 8. Nc2 Be7 9. Bd3 0-0 10. h4 f5 11. Ng5 Nxh4 12. Qh5 h6 13. f4 hxg5 14. fxg5 Qe8 15. Qxh4 Qg6 16. Be2 Bd7 17. Bh5 Qh7 18. Bf7+ 1-0

[Event "Corsica Masters op 12th"]
[Site "Bastia/Ajaccio"]
[Date "2008.10.25"]
[Round "1"]
[White "Migheli, Gabriel"]
[Black "Hamdouchi, Hicham"]
[Result "0-1"]
[WhiteElo "1771"]
[BlackElo "2598"]
[PlyCount "57"]
[EventDate "2008.10.25"]
[EventType "swiss (rapid)"]
[EventRounds "11"]
[EventCountry "FRA"]
[SourceTitle "EXT 2009"]
[Source "ChessBase"]
[SourceDate "2008.11.26"]
[SourceVersion "1"]
[SourceVersionDate "2008.11.26"]
[SourceQuality "1"]

1. e4 c5 2. Nf3 Nc6 3. d4 cxd4 4. Nxd4 Qb6 5. Nb3 Nf6 6. Nc3 e6 7. Be3 Qc7 8. f3 a6 9. Qd2 Bb4 10. g4 h6 11. 0-0-0 d5 12. a3 Bxc3 13. Qxc3 dxe4 14. fxe4 0-0 15. Bd3 Qe5 16. Qe1 Nxg4 17. Bc5 Rd8 18. Rg1 Qf4+ 19. Kb1 Nge5 20. Be3 Qf6 21. Rf1 Qe7 22. Qg3 Ng6 23. Rd2 Nce5 24. Rdf2 Bd7 25. Rg1 Ba4 26. Bd4 Nxd3 27. Qxd3 Bxb3 28. cxb3 e5 29. Qd1 0-1

[Event "Corsica-chT"]
[Site "Porticcio"]
[Date "2007.04.01"]
[Round "3.5"]
[White "Migheli, Gabriel"]
[Black "Darriet, Florent"]
[Result "0-1"]
[WhiteElo "1740"]
[BlackElo "1499"]
[PlyCount "70"]
[EventDate "2007.03.07"]
[EventType "team"]
[EventRounds "9"]
[EventCountry "FRA"]
[SourceTitle "CBM 117 Extra"]
[Source "ChessBase"]
[SourceDate "2007.05.09"]
[SourceVersion "1"]
[SourceVersionDate "2007.05.09"]
[SourceQuality "1"]
[WhiteTeam "Echecs Club Ajaccien"]
[BlackTeam "I Scacchi Di U Centru"]
[WhiteTeamCountry "FRA"]
[BlackTeamCountry "FRA"]

1. e4 c5 2. Nf3 Nc6 3. c3 e5 4. Bd3 Nf6 5. Bc2 d5 6. exd5 Qxd5 7. 0-0 Bg4 8. Re1 Bd6 9. Re3 0-0 10. h3 Bh5 11. Qe1 Rae8 12. Na3 e4 13. Nh2 Bf4 14. Nb5 Qe5 15. Nf1 Bxe3 16. Nxe3 Re7 17. Nc4 Qe6 18. Bb3 Qd7 19. Bc2 Bg6 20. Ne3 a6 21. Na3 h5 22. Nac4 b5 23. Na3 Nd5 24. b3 Nxe3 25. dxe3 Ne5 26. Bb2 Nd3 27. Bxd3 exd3 28. Qd2 Qc6 29. f3 Rfe8 30. e4 c4 31. b4 f5 32. exf5 Bxf5 33. Qg5 g6 34. Kh2 Qd6+ 35. f4 d2 0-1

[Event "Corsica-chT"]
[Site "Porticcio"]
[Date "2007.03.18"]
[Round "2.5"]
[White "Franceschi, Denis"]
[Black "Migheli, Gabriel"]
[Result "1-0"]
[WhiteElo "1630"]
[BlackElo "1740"]
[PlyCount "105"]
[EventDate "2007.03.07"]
[EventType "team"]
[EventRounds "9"]
[EventCountry "FRA"]
[SourceTitle "CBM 117 Extra"]
[Source "ChessBase"]
[SourceDate "2007.05.09"]
[SourceVersion "1"]
[SourceVersionDate "2007.05.09"]
[SourceQuality "1"]
[WhiteTeam "Echecs Club Ajaccien II"]
[BlackTeam "Echecs Club Ajaccien"]
[WhiteTeamCountry "FRA"]
[BlackTeamCountry "FRA"]

1. e4 e5 2. d4 exd4 3. c3 d5 4. cxd4 dxe4 5. Nc3 Nf6 6. Bg5 Bb4 7. a3 Bxc3+ 8. bxc3 0-0 9. Bc4 Qd6 10. Bxf6 Qxf6 11. Ne2 e3 12. 0-0 Qg5 13. f4 Qe7 14. Qb3 Nc6 15. Rae1 Na5 16. Qb5 Nxc4 17. Qxc4 Rd8 18. Ng3 Be6 19. Qb4 Qxb4 20. axb4 Bc4 21. Rf3 e2 22. Re3 Re8 23. Rxe8+ Rxe8 24. Kf2 Kf8 25. Nxe2 Re6 26. Ng3 Rxe1 27. Kxe1 Ke7 28. Nf5+ Kf6 29. g4 h5 30. h3 hxg4 31. hxg4 g6 32. Ne3 Bb3 33. c4 c6 34. Kd2 g5 35. f5 b6 36. Kc3 Ba4 37. b5 cxb5 38. Kb4 a6 39. Nd5+ Kg7 40. Nxb6 Bd1 41. f6+ Kxf6 42. Nd5+ Ke6 43. Ne3 Be2 44. c5 Kd7 45. d5 Bf3 46. c6+ Kd6 47. Nf5+ Kc7 48. Kc5 Bxd5 49. Kxd5 b4 50. Nd4 a5 51. Kc5 b3 52. Nxb3 a4 53. Na1 1-0